| 000 | 00852nas a2200277 4500 | ||
|---|---|---|---|
| 001 | BR0103650 | ||
| 003 | BR-BrBNA | ||
| 005 | 20231205102355.0 | ||
| 007 | ta | ||
| 008 | 230509b bl.|||p| |||| 00| 00por d | ||
| 040 |
_aBR-BrBNA _bpor _cBiblioteca Nacional de Agricultura |
||
| 041 | _a(Pt) | ||
| 072 | _aK10 | ||
| 100 | 1 | _aRabelo, F.G. | |
| 100 | 1 | _aZarin, D.J. | |
| 100 | 1 | _aOliveira, F. de A. | |
| 100 | 1 | _aJardim, F.C. da S. | |
| 245 | 1 | _aRegeneracao natural de florestas estuarinas na regiao do rio Amazonas - Amapa - Brasil | |
| 650 | _aFloresta Nativa | ||
| 650 | _aReconhecimento Florestal | ||
| 650 | _aReflorestamento | ||
| 650 | _aAmapa | ||
| 773 | 0 |
_tRevista de Ciencias Agrarias (Brazil) _xISSN 1517-591X _g(Jul-Dec 2000), (no. 34) p. 129-137 _wBR0103650 |
|
| 909 |
_a202311 _bLúcia _c55 _dLúcia Elande |
||
| 942 |
_2AGRIS _n0 _cANA |
||
| 999 |
_c167250 _d167250 |
||